Завет Кольца (Запись № 290767)
[ простой вид ]
| 000 -МАРКЕР | |
|---|---|
| контрольное поле | 01713nam0a2200349 4500 |
| 001 - ИДЕНТИФИКАТОР ЗАПИСИ | |
| контрольное поле | RU\NLR\bibl\358865 |
| 005 - ИДЕНТИФИКАТОР ВЕРСИИ | |
| контрольное поле | 20250621155954.0 |
| 010 ## - МЕЖДУНАРОДНЫЙ СТАНДАРТНЫЙ НОМЕР КНИГИ (ISBN) | |
| Номер (ISBN) | 5-352-00244-6 |
| Уточнения | В пер. |
| Тираж | 7000 |
| 021 ## - НОМЕР ГОСУДАРСТВЕННОЙ РЕГИСТРАЦИИ | |
| Код страны | Российская Федерация |
| Номер | 2002-53739 |
| Номер Листа государственной регистраци | 2611 |
| 035 ## - ДРУГИЕ СИСТЕМНЫЕ НОМЕРА | |
| Идентификатор записи | (NLR Aleph) 000353493 |
| 100 ## - ДАННЫЕ ОБЩЕЙ ОБРАБОТКИ | |
| Данные общей обработки | 20030109d2002 |||y0rusy50 ca |
| 101 1# - ЯЗЫК РЕСУРСА | |
| Язык текста, звукозаписи и т.д. | русский |
| Язык оригинала | немецкий |
| 102 ## - СТРАНА ПУБЛИКАЦИИ ИЛИ ПРОИЗВОДСТВА | |
| Страна публикации | Российская Федерация |
| 105 ## - ПОЛЕ КОДИРОВАННЫХ ДАННЫХ: ТЕКСТОВЫЕ МАТЕРИАЛЫ, МОНОГРАФИЧЕСКИЕ | |
| Кодированные данные о монографическом текстовом документе | y ||||||||| |
| 200 1# - ЗАГЛАВИЕ И СВЕДЕНИЯ ОБ ОТВЕТСТВЕННОСТИ | |
| Основное заглавие | Завет Кольца |
| Сведения, относящиеся к заглавию | Антология |
| Первые сведения об ответственности | [Сост. С. Бауэр |
| Последующие сведения об ответственности | Пер. с нем. Е. Шушлебиной, Г. Ноткина] |
| 210 ## - ПУБЛИКАЦИЯ, РАСПРОСТРАНЕНИЕ И ДР. | |
| Место издания, распространения и т.д. | СПб. |
| Имя издателя, распространителя и т. д. | Азбука-классика |
| Дата издания, распространения и т.д. | 2002 |
| 215 ## - ФИЗИЧЕСКАЯ ХАРАКТЕРИСТИКА | |
| Специфическое обозначение материала и объем | 440, [2] с. |
| Размеры | 21 |
| 225 1# - СЕРИЯ | |
| Основное заглавие серии | Наследники Толкина |
| 327 1# - ПРИМЕЧАНИЯ О СОДЕРЖАНИИ | |
| Текст примечания | Содерж.: Джереми Безземельный и дракон / К. Гир. Барабаны в глубине / А.А. Хойскес. Каменная душа / Д. Шмидт. Приключений не бывает / Р. Шумахер. Песнь волны / Г.В. Пеш. Сын лудильщика / Р. Лео. Остров эльфов / Ф. Рефельд. Четвертое яйцо дракона / В. Чех. Финраель Темный / Э. Диллингер. Чистое сердце / Х. фон Аллверден и др. |
| 610 0# - НЕКОНТРОЛИРУЕМЫЕ ПРЕДМЕТНЫЕ ТЕРМИНЫ | |
| Предметный термин | Фантастические романы и рассказы (х. л.) |
| 675 ## - УНИВЕРСАЛЬНАЯ ДЕСЯТИЧНАЯ КЛАССИФИКАЦИЯ (UDC/УДК) | |
| Индекс | 821.112.2-32 |
| Издание | 3 |
| Язык издания | rus |
| 686 ## - ИНДЕКСЫ ДРУГИХ КЛАССИФИКАЦИЙ | |
| Индекс | 17.82 |
| Код системы | |
| 686 ## - ИНДЕКСЫ ДРУГИХ КЛАССИФИКАЦИЙ | |
| Индекс | 84(4Гем)-44 |
| Код системы | |
| 686 ## - ИНДЕКСЫ ДРУГИХ КЛАССИФИКАЦИЙ | |
| Индекс | Ш6(0)07-94{Лх150-30} |
| 702 #1 - ИМЯ ЛИЦА - ВТОРИЧНАЯ ОТВЕТСТВЕННОСТЬ | |
| Начальный элемент ввода | Бауэр |
| Часть имени, кроме начального элемента ввода | С. |
| Расширение инициалов личного имени | Стивен |
| Код отношения | Составитель |
| 801 #0 - ИСТОЧНИК ЗАПИСИ | |
| Страна | Российская Федерация |
| Организация | RKP |
| Дата составления | 20030109 |
| Правила каталогизации | PSBO |
| 801 #1 - ИСТОЧНИК ЗАПИСИ | |
| Страна | Российская Федерация |
| Организация | RKP |
| Дата составления | 20030109 |
| 801 #2 - ИСТОЧНИК ЗАПИСИ | |
| Страна | Российская Федерация |
| Организация | NLR |
| Дата составления | 20030210 |
| Правила каталогизации | rcr |
| 942 ## - ДОПОЛНИТЕЛЬНЫЕ ЭЛЕМЕНТЫ ЗАПИСИ (АБИС) | |
| Тип экземпляра АБИС | Книга |
| 980 ## - КОЛЛЕКЦИЯ | |
| Название коллекции | Национальная библиография |
| Тип экземпляра | Дата поступления | Источник поступления | Библиотека постоянного хранения | Библиотека текущего хранения | Место хранения | Шифр хранения | Штрих-код | Статус экземпляра |
|---|---|---|---|---|---|---|---|---|
| Книга | 23.01.2003 | Обязательный экземпляр | РНБ (Московский) | РНБ (Московский) | Русский книжный фонд: издания с 1957 года | 2003-3/1673 | 407539 | |
| Книга | 23.01.2003 | Обязательный экземпляр | РНБ (Московский) | РНБ (Московский) | Русский книжный фонд: издания с 1957 года | 2003-3/1673 | 407541 |